• 首页
  • 本馆介绍
  • 公告通知
  • 最新文献
  • 馆藏检索
  • 电子资源
  • 读者导购
  • 参考咨询
  • 我的图书馆
  • 登录
  • 详细信息显示
  • 放入我的书架
  • 预约/预借图书
  • 作者相关作品
  • 分类相关作品
  • 丛书相关作品
  • 出版社相关作品

书目信息

  • 表格格式
  • 工作单格式
  • 卡片格式
题名:
解析数论基础
    
 
作者: 潘承洞 , 潘承彪 著
分册:  
出版信息: 哈尔滨   哈尔滨工业大学出版社  2016.08
页数: 685,16页
开本: 25cm
丛书名: 数论经典著作系列
单 册:
中图分类: O156.4
科图分类:
主题词: 解析数论
电子资源:
ISBN: 978-7-5603-6004-1
000 01096oam2 2200313 450
001 0120162059016
005 20170327102511.43
010    @a978-7-5603-6004-1@dCNY98.00
100    @a20161121d2016 em y0chiy50 ea
101 0  @achi
102    @aCN@b230000
105    @ay z 000yy
106    @ar
200 1  @a解析数论基础@9jie xi shu lun ji chu@dBasic analytic number theory@f潘承洞,潘承彪著@zeng
205    @a2版
210    @a哈尔滨@c哈尔滨工业大学出版社@d2016.08
215    @a685,16页@d25cm
225 2  @a数论经典著作系列
300    @a国家科学技术学术著作出版基金资助出版
330    @a本书全面详细地讨论了迄今为止研究这些问题的重要的分析方法、理论和结果,介绍了它们的历史及最新进展,是研究这些问题必不可少的入门书,哥德巴赫猜想、孪生素数、素数分布等。
333    @a高校数论专业师生
461  0 @12001 @a数论经典著作系列
510 1  @aBasic analytic number theory@zeng
606 0  @a解析数论
690    @aO156.4@v5
701  0 @a潘承洞@9pan cheng dong@4著
701  0 @a潘承彪@9pan cheng biao@4著
801  0 @aCN@b人天书店@c20161121
905    @b982697-99@dO156.4@e106=2@f3
    
    解析数论基础=Basic analytic number theory/潘承洞,潘承彪著.-2版.-哈尔滨:哈尔滨工业大学出版社,2016.08
    685,16页;25cm.-(数论经典著作系列)
    国家科学技术学术著作出版基金资助出版.-使用对象:高校数论专业师生
    
    ISBN 978-7-5603-6004-1:CNY98.00
    本书全面详细地讨论了迄今为止研究这些问题的重要的分析方法、理论和结果,介绍了它们的历史及最新进展,是研究这些问题必不可少的入门书,哥德巴赫猜想、孪生素数、素数分布等。
●
相关链接 在E读中查询图书 在五车中查询图书 在当当中查询图书 在豆瓣中查询图书


正题名:解析数论基础     索取号:O156.4/106=2         预约/预借

序号 登录号 条形码 馆藏地/架位号 状态 备注
1 982697   209826973   第二样本阅览室/ [索取号:O156.4/106=2] 在馆    
2 982698   209826982   第三借阅区/ [索取号:O156.4/106=2] 在馆    
3 982699   209826991   密集书库-数信学院/ [索取号:O156.4/106=2] 在馆    
唐山师范学院图书馆 欢迎您!
大连网信软件有限公司© 版权所有